Library of the University of Algiers 3
Ibrahim Sultan Cheibout
شعار جامعة الجزائر 3
مكتبة جامعة الجزائر 3
إبراهيم سلطان شيبوط

الادارة المالية في الشركات متعددة الجنسيات / (رقم التسجيلة. 41862)

تفاصيل مارك
000 -LEADER
fixed length control field 02433nam a2200253Ia 4500
003 - CONTROL NUMBER IDENTIFIER
control field Ost
005 - DATE AND TIME OF LATEST TRANSACTION
control field 20260507074933.0
008 - FIXED-LENGTH DATA ELEMENTS--GENERAL INFORMATION
fixed length control field 260507s9999||||xx |||||||||||||| ||und||
020 ## - INTERNATIONAL STANDARD BOOK NUMBER
International Standard Book Number 9957181475
040 ## - CATALOGING SOURCE
Transcribing agency fsecg
041 ## - LANGUAGE CODE
Language code of text/sound track or separate title ara
082 ## - DEWEY DECIMAL CLASSIFICATION NUMBER
Classification number 658.15
100 ## - MAIN ENTRY--PERSONAL NAME
Personal name العامري، سعود جايد مشكور
Relator term مؤلف
245 #0 - TITLE STATEMENT
Title الادارة المالية في الشركات متعددة الجنسيات /
Statement of responsibility, etc. سعود جايد مشكور العامري
250 ## - EDITION STATEMENT
Edition statement طبعة 1
260 ## - PUBLICATION, DISTRIBUTION, ETC.
Place of publication, distribution, etc. عمان:
Name of publisher, distributor, etc. دار المناهج,
Date of publication, distribution, etc. 2007
300 ## - PHYSICAL DESCRIPTION
Extent 226 صفحة؛
Dimensions 24 سم
504 ## - BIBLIOGRAPHY, ETC. NOTE
Bibliography, etc. note بيبليوغرافيا ص.221 ؛ ملاحق ص.219
520 ## - SUMMARY, ETC.
Summary, etc. مقدمة الكتاب – الفصل الأول : الشركات متعددة الجنسيات : أولا : تعريف الشركات متعددة الجنسيات ونشآتها التاريخية – الفصل الثانى : مصادر تمويل المشروعات الدولية : أولا : النماذج المختلفة للتمويل الدولى – الفصل الثالث : مصادر تمويل الفروع الأجنبية : أولا مصادر التمويل الداخلية للفروع الأجنبية – الفصل الرابع : تكلفة رأس المال والهيكل المالى للشركات متعددة الجنسيات : أولا: تكلفة رأس المال للشركات متعددة الجنسيات – الفصل الخامس : القرارات المالية الدولية طويلة الأجل : أولا : التدفقات النقدية للاستثمارت الخارجية – الفصل السادس : القرارات المالية الدولية قصيرة الأجل : أولا : إدارة النقدية الدولية – الفصل السابع : الأساليب والإجراءات المحاسبية الازمة للعمليات الدولية – الفصل الثامن : الضريبة الدولية وأسعار التحويل : أولا : المبادئ العامة للضريبة – الفصل التاسع : نظم وقواعد دمج الحسابات فى الشركات متعددة الجنسيات – الفصل العاشر : الرقابة وتقييم الأداء المالى فى الشركات متعددة الجنسيات.
653 ## - INDEX TERM--UNCONTROLLED
Uncontrolled term إدارة مالية
653 ## - INDEX TERM--UNCONTROLLED
Uncontrolled term شركات متعددة الجنسيات
653 ## - INDEX TERM--UNCONTROLLED
Uncontrolled term مالية
942 ## - ADDED ENTRY ELEMENTS (KOHA)
Koha item type كتب
المقتنيات
Withdrawn status Lost status Source of classification or shelving scheme Damaged status Not for loan Home library Current library Date acquired Serial enumeration / chronology Inventory number Total checkouts Full call number Barcode Date last seen Price effective from Koha item type
    Dewey Decimal Classification   NOT LOAN / إعارة داخلية مكتبة كلية العلوم الإقتصادية والعلوم التجارية وعلوم التسيير مكتبة كلية العلوم الإقتصادية والعلوم التجارية وعلوم التسيير 07/05/2026 الطابق الأرضي 2889   أ/2702ن1 2889 07/05/2026 07/05/2026 كتب
    Dewey Decimal Classification   Available مكتبة كلية العلوم الإقتصادية والعلوم التجارية وعلوم التسيير مكتبة كلية العلوم الإقتصادية والعلوم التجارية وعلوم التسيير 07/05/2026 الطابق الأرضي 2890   أ/2702ن2 2890 07/05/2026 07/05/2026 كتب
    Dewey Decimal Classification   Available مكتبة كلية العلوم الإقتصادية والعلوم التجارية وعلوم التسيير مكتبة كلية العلوم الإقتصادية والعلوم التجارية وعلوم التسيير 07/05/2026 الطابق الأرضي 2891   أ/2702ن3 2891 07/05/2026 07/05/2026 كتب
    Dewey Decimal Classification   Available مكتبة كلية العلوم الإقتصادية والعلوم التجارية وعلوم التسيير مكتبة كلية العلوم الإقتصادية والعلوم التجارية وعلوم التسيير 07/05/2026 الطابق الثاني 2892   أ/2702ن4 2892 07/05/2026 07/05/2026 كتب
    Dewey Decimal Classification   Available مكتبة كلية العلوم الإقتصادية والعلوم التجارية وعلوم التسيير مكتبة كلية العلوم الإقتصادية والعلوم التجارية وعلوم التسيير 07/05/2026 الطابق الثاني 2893   أ/2702ن5 2893 07/05/2026 07/05/2026 كتب
    Dewey Decimal Classification   Available مكتبة كلية العلوم الإقتصادية والعلوم التجارية وعلوم التسيير مكتبة كلية العلوم الإقتصادية والعلوم التجارية وعلوم التسيير 07/05/2026 مكتبة بن عكنون 2894   أ/2702ن6 2894 07/05/2026 07/05/2026 كتب
    Dewey Decimal Classification   Available مكتبة كلية العلوم الإقتصادية والعلوم التجارية وعلوم التسيير مكتبة كلية العلوم الإقتصادية والعلوم التجارية وعلوم التسيير 07/05/2026 مكتبة بن عكنون 2895   أ/2702ن7 2895 07/05/2026 07/05/2026 كتب
    Dewey Decimal Classification   Available مكتبة كلية العلوم الإقتصادية والعلوم التجارية وعلوم التسيير مكتبة كلية العلوم الإقتصادية والعلوم التجارية وعلوم التسيير 07/05/2026 مكتبة بن عكنون 2896   أ/2702ن8 2896 07/05/2026 07/05/2026 كتب

موارد الويب المفتوحة


© University of Algiers 3 All Rights Reserved
|
Implemented by LECHELAH Riad